000 00565nam a22001932 4500
001 0000007398
005 20151217152030.0
008 080123s xx 000 0 eng d
020 _a8171692885 :
_cKES 2780
040 _aKABU
_cKABU
245 1 0 _aSocial thought and school education /
_cedited by Raj Singh.
260 _aNew Delhi :
_bCommonwealth,
_c1994.
300 _av, 300 p.
650 0 _aEducational sociology.
_@0000153711
700 1 _aSingh, Raj.
_@0000158639
908 _a080123
950 _@1
999 _c7512
_d7512